000 01203nam a2200337 i 4500
001 000017830
003 DO-SdBNP
005 20260321073645.0
007 ta
008 100406s2022 dr c 000 0 spa d
020 _a9789945250381
040 _aDO-SdBNP
_bspa
_cBNPHU
_erda
082 4 _aRD864.5
_bV635j, 2022
_222
100 1 _aVicioso, Sherezada,
_d1948-
_919504
_4aut.
_eautor
245 1 0 _aJulia de Burgos en Santo Domingo/
_cSherezada Vicioso
264 1 _aSanto Domingo :
_bArchivo General de la Nación,
_c2022
300 _a211 paginas :
_bilustraciones ;
_c24 cm.
336 _atexto
_btxt
_2rdacontent
337 _asin mediación
_bn
_2rdamedia
338 _avolumen
_bnc
_2rdacarrier
490 _aArchivo General de la Nación ;
_v451
590 _aInventariado, 2023 / DG
600 1 4 _aBurgos, Julia de,
_d1914-1953
_914090
600 1 4 _aBurgos, Julia de,
_d1914-1953
_xCrítica e interpretación
_98825
600 1 0 _a Bosch, Juan,
_d1909-2001
_vEntrevistas
_976555
600 1 0 _aJimenes Grullón, Juan Isidro,
_d1903-1983
_92482
650 4 _aPoetas puertorriqueños
_ySiglo XX
_938732
_vBiografías
650 4 _aLiteratura puertorriqueña
_9250
910 _aDG
942 _2ddc
_cLBS1
999 _c53799
_d53799